000 00447nam a22001697a 4500
005 20180531112216.0
008 160611b xxu||||| |||| 00| 0 eng d
020 _a81-224-1433-8
041 _aeng
082 _b6814
_a519.5
100 _aSrinivasa, G. George, Deepa
_91690
245 _aBusiness Mathematics and Statistics
260 _aNew Delhi
_bNew Age International Pvt. Ltd.
300 _a520
650 _aManagement
_9241
942 _cBK
999 _c2384
_d2383